|
|
|
|
| LEADER |
00000nam0a2200000 4500 |
| 001 |
66469 |
| 005 |
20231031072114.0 |
| 035 |
|
|
|a (RuTPU)RU\TPU\book\70654
|
| 035 |
|
|
|a RU\TPU\book\34610
|
| 090 |
|
|
|a 66469
|
| 100 |
|
|
|a 20040823d1967 m y0rusy50 ca
|
| 101 |
0 |
|
|a rus
|
| 102 |
|
|
|a RU
|
| 105 |
|
|
|a y j 000zy
|
| 200 |
1 |
|
|a Теоретические основы электротехники
|e учебное пособие: В 3-х частях
|f Л. А. Бессонов
|
| 205 |
|
|
|a 5-е изд., перераб. и доп.
|
| 210 |
|
|
|a Москва
|c Высшая школа
|d 1967
|
| 215 |
|
|
|a 775 с.
|
| 610 |
1 |
|
|a электротехника
|
| 610 |
1 |
|
|a учебные пособия
|
| 610 |
1 |
|
|a электрические цепи линейные
|
| 610 |
1 |
|
|a электрические цепи нелинейные
|
| 610 |
1 |
|
|a методы расчета
|
| 610 |
1 |
|
|a теория
|
| 675 |
|
|
|a 621.3.01(075.8)
|v 3
|
| 700 |
|
1 |
|a Бессонов
|b Л. А.
|g Лев Алексеевич
|
| 801 |
|
2 |
|a RU
|b 63413507
|c 20200622
|g PSBO
|
| 900 |
|
|
|a Теоретические основы электротехники
|
| 900 |
|
|
|a Теория автоматического управления
|
| 942 |
|
|
|c BK
|